| 000 | 00920nac a22001931u 4500 | ||
|---|---|---|---|
| 008 | 100719s1993 ua||||||r||| 000 0cra d | ||
| 020 | _a9770134252 | ||
| 082 |
_a190.92 _bش ا خ _222 |
||
| 100 |
_aشاخت، ريتشارد _916396 |
||
| 245 |
_a رواد الفلسفة الحديثة: _bمن ديكارت الى كانط / _cريتشارد شاخت ؛ ترجمة أحمد حمدي محمود |
||
| 260 |
_aالقاهرة: _bالهيئة المصرية العامة للكتاب ، 1993 _c1993. |
||
| 300 |
_a317ص ؛ _c24سم |
||
| 500 | _aهذه هى الترجمة العربية الكاملة لكتاب: Classical Modern Philosophers By: Richard Schacht | ||
| 511 | _aCatalogued by: Sara | ||
| 541 | _aمكتبة الأسكندرية ; | ||
| 650 |
_aالفلسفة الحديثة _915182 |
||
| 700 |
_aمحمود، أحمد حمدي _916402 _eترجمة |
||
| 942 |
_cBB _k190.92 ش ا خ _2ddc |
||
| 999 |
_c6663 _d6663 |
||